000 00713nam a22002057a 4500
005 20230519021827.0
008 221109b |||||||| |||| 00| 0 eng d
020 _a971-8523-30-8
082 _aFil. 006.68 An552 2005
100 _aAndes, Antonio M., Sr.
_eauthor
245 _aSimple coreldraw 12:
_bFully illustrated /
_cAntonio M. Andes , Sr., Antonio S. Andes, Jr.; edited by Rodel N. Naz
260 _aValenzuela City:
_bAndes Mountain Printers,
_cc2005.
300 _ax, [228]p.:
_bill.
504 _aIncludes index
541 _e2099 c.1, 2100 c.2, 2101c.3, 2102 c.4
650 _aComputer graphics
650 _aCorel draw
700 _aAndes, Antonio S., Jr.
_eauthor
700 _aNaz, Rodel N.
_eeditor
999 _c145
_d145